000 00258nam a2200121 i 4500
001 bg
245 0 _aZ problemów bibliografii.
260 _aWarszawa,
_c1970.
040 _cBPK
041 _apol
942 _cKS
008 s pl f |000 0 pol
999 _c13372
_d13372
856 _uhttp://koha.tu.koszalin.pl/cgi-bin/koha/opac-detail.pl?biblionumber=13372
_yKatalog online BPK